Perubahan persekitaran dan kemudahterancaman di Lembangan Langat /

Bibliographic Details
Other Authors: Abdul Samad Hadi, \d 1942-
Format: Book
Published: Bangi, Selangor: Universiti Kebangsaan Malaysia, 2005.
Subjects:
LEADER 00993cam a2200265 7i4500
001 0000062581
005 20151104090000.0
005 ##20151104184800.0
003 ##MY-KlINT
020 # # |a 9679427196  
039 # 9 |y 201511041848  |z VLOAD 
090 0 0 |a 333.70959511532 PER  
245 0 0 |a Perubahan persekitaran dan kemudahterancaman di Lembangan Langat /   |c Abdul Samad Hadi ... [et al.].. 
260 # # |a Bangi, Selangor:   |b Universiti Kebangsaan Malaysia,   |c 2005. 
300 # # |a 143ms:   |b ill;   |c 23cm. 
500 # # |a Mengandungi indeks 
504 # # |a Bibliografi : ms. [135]-140 
650 # 0 |a Lembangan Langat (Selangor) --   |x Economic conditions  
650 # 0 |a Environmental monitoring --   |x Selangor --   |x Lembangan Langat  
650 # 0 |a Environmental protection --   |x Selangor --   |x Lembangan Langat  
700 0 # |a Abdul Samad Hadi, \d 1942-  
996 |a ikwas2010.out 
997 |a 3000013400  |b IKWS  |c MNF  |d BOK 
998 |a 0000009563 
999 |a 3000013400  |b BOOK  |c Main Non-Fiction  |e INTAN Kampus Wilayah Selatan